00221nam a2200073Ia 4500008004100000082000800041100004500049245005300094240331s9999 xx 000 0 und d bTRI aInternational Women's Tribune Centre. ed 0aTribune :bNews Letters- January 1987-March 1989